| 000 | 00519nam a2200169Ia 4500 | ||
|---|---|---|---|
| 005 | 20250326140831.0 | ||
| 008 | 250326s9999 xx 000 0 und d | ||
| 037 | _aTextbook | ||
| 040 |
_aFMSL _beng _cFMSL |
||
| 041 |
_aeng _2eng |
||
| 084 |
_aX:9 N8 _qFMSL |
||
| 100 |
_aBalaji C _9299096 |
||
| 245 | 0 |
_aLeading change through human resources: Towards a globally competitive India _cBalaji C |
|
| 260 |
_aNew Delhi _bNew Delhi, Tata McGraw-Hill _c1998 |
||
| 942 |
_cTB _hX:9 N8 |
||
| 999 |
_c1287492 _d1287492 |
||